000 00560nam a22001817a 4500
003 OSt
005 20250819023608.0
008 250819b |||||||| |||| 00| 0 eng d
040 _aDWCL-Main Lib
_cOC
082 _2Fil. 657.45 B189a 2005
100 _aBallada, Susan
245 _aAuditing theory :
_baudit and assurance services
_cSusan Ballada, Win Lu Ballada
260 _aManila :
_bDomDane Publishers,
_cc2005.
300 _axix, 359 pages ;
_c25 cm.
650 _aAuditing.
700 _aBallada, Win Lu
942 _2ddc
_cBK - FIL
_e2nd edition
_kFil.
_n0
999 _c4042
_d4042